[Event "FRA-chT4 0304"]
[Site "Bretagne"]
[Date "2003.11.16"]
[Round "2"]
[White "Prioul, Jean"]
[Black "Collin, Michel"]
[Result "1-0"]
[WhiteElo "1910"]
[BlackElo "1690"]
[PlyCount "77"]
[EventDate "2003.10.12"]
[EventType "team"]
[EventRounds "9"]
[EventCountry "FRA"]
[SourceTitle "EXT 2005"]
[Source "ChessBase"]
[SourceDate "2004.11.15"]
[SourceVersion "1"]
[SourceVersionDate "2004.11.15"]
[SourceQuality "1"]

1. d4 g6 2. c4 Bg7 3. Nf3 d6 4. Nc3 Nf6 5. e4 b6 6. Be2 Bb7 7. Qc2 0-0 8. 0-0 h6 9. h3 Nbd7 10. Be3 Re8 11. Rae1 e5 12. d5 a6 13. Qd2 Kh7 14. Nh2 Ng8 15. b4 Ndf6 16. c5 bxc5 17. bxc5 c6 18. Rb1 Rb8 19. Rfd1 cxd5 20. exd5 dxc5 21. Bxc5 Qc7 22. Bb6 Qd7 23. Bc4 Ne7 24. Bb3 Qd6 25. Ba4 Bxd5 26. Bxe8 Rxb6 27. Rxb6 Qxb6 28. Nxd5 Nexd5 29. Bxf7 Nf4 30. Bc4 Qc6 31. Bf1 Ne4 32. Qe3 Nc3 33. Rd2 h5 34. g3 Bh6 35. gxf4 Bxf4 36. Qa7+ Kh6 37. Rd7 Qe4 38. Rh7+ Kg5 39. Qe7+ 1-0